Об организации управления и о порядке заселения и эксплоатации домов для специалистов

Доступно только в Электронных читальных залах Найти на картеНа карте
RUSMARC
00004397nac2a22003013x 450
001554297d4-de77-43a0-93db-dc2cf420b06b
00520250110042839.0
100##$a20241113l19341934k y0rusy50 ca
1010#$arus
$amul
102##$aRU
105##$ay z |||||
1222#$ad19341231
$ad19341125
2001#$aОб организации управления и о порядке заселения и эксплоатации домов для специалистов
$j1934 - 25.11.1934
215##$a23 листа
$d38,5 х 25,4
251##$cДело
300##$aЧасть текста на языках народов СССР
300##$aВ деле имеются телеграммы
300##$aЧасть текста машинописная с рукописными пометками, часть – напечатана типографским способом
324##$aВ деле имеются копии отдельных документов
461#0$1001RuPRLIB520124725
$12001
$aЦЕНТРАЛЬНЫЙ ИСПОЛНИТЕЛЬНЫЙ КОМИТЕТ СССР (ЦИК СССР).
$1251
$cФонд
$1852
$gР
$j3316
462#0$1001RuPRLIB520125305
$12001
$aДела Секретариата Президиума ЦИК Союза ССР за 1934 год
$vД. 204
$1251
$cОпись
$1852
$j27
605##$3DITM\AF\0000002775
$aВласть
$lколлекция
$2acquisition_prlib
6101#$aУправление
$aЗаселение
$aЭксплуатация
$aДома
$aСпециалисты
686##$a63.3(2)61-332ю1
$cИстория
$2rubbk
686##$a67.400.6ю1
$cПраво
$2rubbk
801#0$aRU
$bGA_RF
801#1$aRU
$bГлавНИВЦ
$c20241113
$2rusmarc
801#2$aRU
$bПБ им. Б.Н. Ельцина
$c20250110
$gRCR
$2rusmarc
852##$aГА РФ
$j204
937##$d195735145
$hГАРФ
035##$aRuPRLIB51078755
856##$uhttp://readingroom.main.prlib.ru/item.aspx?id_node=n195735145&mode=full
Формат отображения